Guardians of thought (Record no. 85729)

MARC details
000 -LEADER
fixed length control field nam a22 7a 4500
005 - DATE AND TIME OF LATEST TRANSACTION
control field 20200131115033.0
008 - FIXED-LENGTH DATA ELEMENTS--GENERAL INFORMATION
fixed length control field 200124b nyu||||| |||| 00| 0 eng d
020 ## - INTERNATIONAL STANDARD BOOK NUMBER
International Standard Book Number 1564321061
050 04 - LIBRARY OF CONGRESS CALL NUMBER
Classification number KMH2470
Item number G83 1993
245 00 - TITLE STATEMENT
Title Guardians of thought
Remainder of title : limits on freedom of expression in Iran
Statement of responsibility, etc / chair Gary Sick
250 ## - EDITION STATEMENT
Edition statement 1a ed.
260 ## - PUBLICATION, DISTRIBUTION, ETC. (IMPRINT)
Place of publication, distribution, etc New York :
Name of publisher, distributor, etc Human Rights Watch,
Date of publication, distribution, etc 1993
300 ## - PHYSICAL DESCRIPTION
Extent 140 p. :
Other physical details il. ;
Dimensions 23 cm.
490 0# - SERIES STATEMENT
Series statement Middle East Watch Report
504 ## - BIBLIOGRAPHY, ETC. NOTE
Bibliography, etc Incluye apéndices y bibliografía
506 ## - RESTRICTIONS ON ACCESS NOTE
Terms governing access Rec. prop. FEVaQ
650 #4 - SUBJECT ADDED ENTRY--TOPICAL TERM
Topical term or geographic name as entry element Libertad de expresión
Geographic subdivision Irán
650 #7 - SUBJECT ADDED ENTRY--TOPICAL TERM
Source of heading or term lemb
Topical term or geographic name as entry element Libertad de prensa
Geographic subdivision Irán
650 #7 - SUBJECT ADDED ENTRY--TOPICAL TERM
Source of heading or term lemb
Topical term or geographic name as entry element Derechos humanos
Geographic subdivision Irán
700 1# - ADDED ENTRY--PERSONAL NAME
Personal name Sick, Gary
Relator term presidente
942 ## - ADDED ENTRY ELEMENTS (KOHA)
Source of classification or shelving scheme Biblioteca del Cogreso de los Estados Unidos
Koha item type Libro
Holdings
Estado de pérdida Fuente de clasificación Estado del daño No para préstamo Ubicación permanente Ubicación actual Apartado o colección Fecha de adquisición Fuente de adquisición Edición Área del conocimiento Clasificación Código de Barras Date last seen Número de copia Costo por reposición Tipo de recurso
  Biblioteca del Cogreso de los Estados Unidos     Biblioteca del Posgrado en Derecho Biblioteca del Posgrado en Derecho Colección Ernesto Villanueva 24/01/2020 Donación 1a ed. Ciencias Sociales y Administrativas KMH2470 G83 1993 BPD000001225 24/01/2020 1 1.00 Libro